| 000 | 00504nam a2200169 a 4500 | ||
|---|---|---|---|
| 005 | 20140310183209.0 | ||
| 008 | 030422s19uu xx 00 eng d | ||
| 050 |
_aRJ 253 _b.M28 1970 |
||
| 100 | _aMcKilligin, Helen R. | ||
| 245 |
_aThe First Day of Life : _bPrinciples of Neonatal Nursing / _cHelen R. McKilligin. |
||
| 260 |
_aNew York : _bSpringer Pub. Co. , _c1970. |
||
| 300 |
_a117 p. : _c21 cm. |
||
| 521 | _aNUR | ||
| 650 |
_aInfants (Newborn) _xcare. |
||
| 942 |
_cBK _2lcc _kFOR |
||
| 999 |
_c20087 _d20087 |
||